000 01332naa a22003377a 4500
001 BR7406297
003 BR-BrBNA
005 20240918173704.0
007 ta
008 230509b bl.||||| |||| 00| 0 por d
040 _aBR-BrBNA
_bpor
_cBiblioteca Nacional de Agricultura
041 _a(Pt)
072 _aH50
_b2120
_b3840
090 _aH50 BR7406297
100 1 _aHashizume, H.
100 1 _aPaulini, A.E.
100 1 _aAndrade, I.P.R.
100 1 _aMatiello, J.B.
100 1 _aMansk, Z.
111 1 _a2. Congresso Brasileiro sobre Pesquisas Cafeeiras
_cPocos de Caldas, MG (Brazil)
_d10 Sep 1974
245 1 _aEstudos da neutralizacao do Sulfato de zinco e dos seus efeitos na reducao das injurias e correcao das deficiencias de Zinco em cafeeiros novos
260 3 _aRio de Janeiro, GB (Brasil):
_c1974.
500 _aResumos dos trabalhos apresentados no 2. Congresso Brasileiro sobre Pesquisas Cafeeiras Rio de Janeiro, GB (Brasil): 1974. p. 285-287 (BR7406297-AM)H50
650 _aCAFE
650 _aDEFICIENCIA MINERAL
650 _aSULFATO DE ZINCO
650 _aZINCO
773 0 _tResumos dos trabalhos apresentados no 2. Congresso Brasileiro sobre Pesquisas Cafeeiras
_wH50 BR7406297
_gRio de Janeiro, GB (Brasil), 1974. p. 285-287
909 _a202404
_bLucia
_c55
_dLucia Elande
942 _cAM
_2AGRIS
999 _c306200
_d306200